[Event "Warsaw Szansa blitz op"]
[Site "Warsaw"]
[Date "2023.09.16"]
[Round "11"]
[White "Jasiulewicz, Dawid"]
[Black "Eggink, Ryszard"]
[Result "1/2-1/2"]
[WhiteElo "2087"]
[BlackElo "2386"]
[PlyCount "113"]
[EventDate "2023.09.16"]
[EventType "swiss (blitz)"]
[EventRounds "13"]
[EventCountry "POL"]
[SourceTitle "EXT 2024"]
[Source "ChessBase"]
[SourceDate "2023.10.10"]
[SourceVersion "1"]
[SourceVersionDate "2023.10.10"]
[SourceQuality "1"]

1. d4 Nf6 2. Nf3 e6 3. c4 Bb4+ 4. Nbd2 b6 5. a3 Bxd2+ 6. Qxd2 Bb7 7. e3 0-0 8. Be2 Ne4 9. Qc2 f5 10. 0-0 d6 11. b4 Nd7 12. Bb2 a5 13. Rad1 axb4 14. axb4 Qe7 15. d5 e5 16. Bd3 Ndf6 17. Nd2 Nxd2 18. Rxd2 g6 19. f4 Ng4 20. Qc3 Rae8 21. h3 Nf6 22. Bb1 Nd7 23. e4 fxe4 24. Bxe4 Qh4 25. Rdf2 g5 26. g3 Qxh3 27. fxg5 Qh5 28. Bc1 Bc8 29. Qd3 Rxf2 30. Rxf2 Rf8 31. Bf5 e4 32. Qxe4 Ne5 33. Bxh7+ Kg7 34. Rxf8 Kxf8 35. Qf4+ Kg7 36. Bc2 Qe2 37. Qf6+ Kg8 38. Qd8+ Kg7 39. Qf6+ Kg8 40. Qd8+ Kg7 41. Qe7+ Kg8 42. Qe8+ Kg7 43. Qe7+ Kg8 44. Qd8+ Kg7 45. Qf6+ Kg8 46. Qd8+ Kg7 47. Qe7+ Kg8 48. Qe8+ Kg7 49. Qe7+ Kg8 50. Qe8+ Kg7 51. Qe7+ Kg8 52. Qd8+ Kg7 53. Qf6+ Kg8 54. Qd8+ Kg7 55. Qf6+ Kg8 56. Qd8+ Kg7 57. Qe7+ 1/2-1/2

[Event "Warsaw Szansa blitz op"]
[Site "Warsaw"]
[Date "2023.09.16"]
[Round "8"]
[White "Rudzinska, Michalina"]
[Black "Jasiulewicz, Dawid"]
[Result "0-1"]
[WhiteElo "2228"]
[BlackElo "2087"]
[PlyCount "92"]
[EventDate "2023.09.16"]
[EventType "swiss (blitz)"]
[EventRounds "13"]
[EventCountry "POL"]
[SourceTitle "EXT 2024"]
[Source "ChessBase"]
[SourceDate "2023.10.10"]
[SourceVersion "1"]
[SourceVersionDate "2023.10.10"]
[SourceQuality "1"]

1. e4 c5 2. Nf3 d6 3. d4 cxd4 4. Nxd4 Nf6 5. Nc3 a6 6. Be2 e5 7. Nb3 Be7 8. 0-0 0-0 9. Re1 Be6 10. Bf3 Nbd7 11. a4 Rc8 12. Nd2 Nb6 13. Nf1 Nc4 14. Nd5 Bxd5 15. exd5 Re8 16. b3 Nb6 17. c4 a5 18. Bd2 Nbd7 19. Ne3 Nc5 20. Qc2 g6 21. b4 axb4 22. Bxb4 e4 23. Be2 Bf8 24. a5 Bg7 25. Bc3 Qc7 26. Qb2 Qe7 27. Ng4 Nxg4 28. Bxg7 Ne5 29. Bh6 Rc7 30. Reb1 Qh4 31. Be3 Ncd3 32. Bxd3 exd3 33. Qb6 Rd7 34. Ra4 Ng4 35. h3 Nxe3 36. fxe3 Qe4 37. Re1 d2 38. Rd1 Qc2 39. Raa1 Re4 40. Qb5 Rc7 41. Qb6 Rcxc4 42. Qxd6 Rxe3 43. Qd8+ Kg7 44. Qb6 Re2 45. d6 Qe4 46. Qb2+ Rd4 0-1

[Event "POL-ch Rapid U18"]
[Site "Bydgoszcz"]
[Date "2023.08.30"]
[Round "10"]
[White "Jasiulewicz, Dawid"]
[Black "Kania, Franciszek1111"]
[Result "1-0"]
[WhiteElo "1809"]
[BlackElo "1668"]
[PlyCount "85"]
[EventDate "2023.08.28"]
[EventType "swiss"]
[EventRounds "11"]
[EventCountry "POL"]
[SourceTitle "EXT 2024"]
[Source "ChessBase"]
[SourceDate "2023.10.10"]
[SourceVersion "1"]
[SourceVersionDate "2023.10.10"]
[SourceQuality "1"]

1. d4 Nf6 2. Nf3 g6 3. c4 Bg7 4. Nc3 0-0 5. e4 d6 6. Be2 e5 7. Be3 Ng4 8. Bg5 f6 9. Bh4 g5 10. Bg3 Nh6 11. h3 Nc6 12. d5 Ne7 13. Qd2 Ng6 14. 0-0-0 Nf4 15. Rhg1 Kh8 16. Kb1 f5 17. Ka1 a6 18. h4 g4 19. Ng5 b5 20. exf5 Nxe2 21. Qxe2 Nxf5 22. Qxg4 Nd4 23. Qh5 Bf5 24. Nce4 Kg8 25. f4 h6 26. fxe5 hxg5 27. Rxd4 dxe5 28. Rdd1 Bxe4 29. Rde1 Bf5 30. Bxe5 g4 31. Rgf1 Bd7 32. Bxg7 Kxg7 33. Qe5+ Kg8 34. c5 Qxh4 35. Qxc7 Rxf1 36. Rxf1 Rd8 37. c6 Bf5 38. Qe5 Rf8 39. a3 Qh7 40. d6 Bd3 41. Qg5+ Bg6 42. Re1 Qf7 43. d7 1-0

[Event "Warsaw Najdorf Memorial op-B"]
[Site "Warsaw"]
[Date "2023.07.18"]
[Round "8"]
[White "Kulpa, Zuzanna"]
[Black "Jasiulewicz, Dawid"]
[Result "1-0"]
[WhiteElo "1911"]
[BlackElo "1751"]
[PlyCount "113"]
[EventDate "2023.07.11"]
[EventType "swiss"]
[EventRounds "9"]
[EventCountry "POL"]
[SourceTitle "EXT 2024"]
[Source "ChessBase"]
[SourceDate "2023.10.10"]
[SourceVersion "1"]
[SourceVersionDate "2023.10.10"]
[SourceQuality "1"]

1. e4 c5 2. Nf3 d6 3. d4 cxd4 4. Nxd4 Nf6 5. Nc3 a6 6. Bd3 e5 7. Nde2 Be7 8. 0-0 0-0 9. Ng3 g6 10. h3 Be6 11. f4 exf4 12. Bxf4 Nc6 13. Be2 Qb6+ 14. Kh2 Rad8 15. Nd5 Bxd5 16. exd5 Ne5 17. Qd2 Rfe8 18. c4 h5 19. Bg5 Kg7 20. Qf4 Nh7 21. Bxe7 Rxe7 22. b3 Rde8 23. Bxh5 gxh5 24. Nf5+ Kg8 25. Nxe7+ Rxe7 26. Rae1 Ng6 27. Qf5 Rxe1 28. Qxf7+ Kh8 29. Rxe1 Ne5 30. Qf4 Qd8 31. c5 Qf6 32. Qxf6+ Nxf6 33. cxd6 Nfd7 34. Rc1 a5 35. Kg3 Kg7 36. Rc7 b6 37. Kf4 Kf6 38. Rc8 Nf7 39. Re8 Nc5 40. Rf8 Nb7 41. d7 Ke7 42. Rg8 Kxd7 43. Rg7 Ke7 44. Rh7 Kf6 45. Rxh5 Nbd6 46. g4 Kg6 47. Rh4 Ne8 48. g5 Nc7 49. d6 Ne6+ 50. Ke4 Kxg5 51. Kd5 Nf8 52. Rc4 Kf5 53. Rc1 Ne6 54. Rf1+ Nf4+ 55. Rxf4+ Kxf4 56. Ke6 Nd8+ 57. Kd7 1-0

[Event "Polanica Zdroj op-D 58th"]
[Site "Polanica Zdroj"]
[Date "2022.08.19"]
[Round "7"]
[White "Jasiulewicz, Dawid"]
[Black "Meizlin, Yaacov"]
[Result "1-0"]
[WhiteElo "1525"]
[BlackElo "1938"]
[PlyCount "117"]
[EventDate "2022.08.13"]
[EventType "swiss"]
[EventRounds "9"]
[EventCountry "POL"]
[SourceTitle "CBM 210 Extra"]
[Source "ChessBase"]
[SourceDate "2022.11.30"]
[SourceVersion "1"]
[SourceVersionDate "2022.11.30"]
[SourceQuality "1"]

1. d4 d5 2. Nf3 e6 3. c4 Nf6 4. e3 Be7 5. Nc3 0-0 6. Bd3 dxc4 7. Bxc4 a6 8. 0-0 c5 9. Bb3 Nbd7 10. Qe2 b5 11. a4 b4 12. Nb1 Bb7 13. Nbd2 cxd4 14. exd4 Nb6 15. Rd1 Bd5 16. Ne5 Bxb3 17. Nxb3 Qd5 18. Qd3 Rac8 19. Bg5 Nc4 20. Nxc4 Qxc4 21. Qf3 Qd5 22. Qxd5 Nxd5 23. Bxe7 Nxe7 24. Rac1 g6 25. Kf1 Rfd8 26. Ke2 Nd5 27. g3 Kf8 28. Kd3 Ke7 29. Nc5 Rc6 30. Kc4 g5 31. Kb3 Rdc8 32. a5 h5 33. Nd3 Kd6 34. Rc5 f6 35. Rdc1 Rxc5 36. Nxc5 Ke7 37. Rc4 Rc6 38. Nd3 Kd6 39. Nxb4 Rxc4 40. Kxc4 Nc7 41. Na2 f5 42. Nb4 e5 43. dxe5+ Kxe5 44. f3 h4 45. Kc5 h3 46. Kb6 f4 47. Nc6+ Kd6 48. Nd4 Ke5 49. Ne2 fxg3 50. Nxg3 Kf4 51. Kxc7 Kxf3 52. b4 Kg2 53. b5 axb5 54. a6 Kxh2 55. Nf1+ Kg1 56. a7 Kxf1 57. a8Q g4 58. Qe4 Kf2 59. Qf4+ 1-0

[Event "POL-ch U13 Qual"]
[Site "Jastrzebia Gora"]
[Date "2021.11.21"]
[Round "9"]
[White "Jasiulewicz, Dawid"]
[Black "Nowak, Maciej2222"]
[Result "0-1"]
[WhiteElo "1654"]
[BlackElo "1338"]
[PlyCount "110"]
[EventDate "2021.11.15"]
[EventType "swiss"]
[EventRounds "9"]
[EventCountry "POL"]
[SourceTitle "EXT 2023"]
[Source "ChessBase"]
[SourceDate "2022.10.05"]
[SourceVersion "1"]
[SourceVersionDate "2022.10.05"]
[SourceQuality "1"]

1. d4 Nf6 2. Nf3 e6 3. c4 d5 4. Nc3 c6 5. e3 Be7 6. Bd3 Nbd7 7. 0-0 b6 8. e4 dxe4 9. Nxe4 Bb7 10. Re1 Nxe4 11. Bxe4 Nf6 12. Bc2 Qc7 13. Ne5 0-0 14. Bg5 Rad8 15. Qd3 g6 16. Bh6 Rfe8 17. Qe3 Bf8 18. Bf4 Qe7 19. Red1 Nh5 20. Ba4 Rc8 21. Rac1 Qb4 22. Bb3 Bg7 23. a3 Qe7 24. Bg3 Red8 25. Ba2 c5 26. dxc5 Nxg3 27. hxg3 Rxc5 28. Nd3 Rh5 29. Nf4 Bh6 30. g4 Rh4 31. f3 Rxd1+ 32. Rxd1 e5 33. g3 Rh3 34. Kg2 Bxf4 35. gxf4 Rxf3 36. Qxf3 Bxf3+ 37. Kxf3 exf4 38. Kxf4 Qf6+ 39. Ke3 Qxb2 40. Bb1 Qxa3+ 41. Bd3 Qe7+ 42. Kf2 a5 43. Re1 Qh4+ 44. Ke2 Qxg4+ 45. Kd2 h5 46. Re4 Qg3 47. Re3 Qf4 48. Ke2 a4 49. Be4 a3 50. Bd5 a2 51. Ra3 a1Q 52. Bxf7+ Kxf7 53. c5 Qxa3 54. c6 Qae3+ 55. Kd1 Qd2# 0-1